| 000 | 00399nam a22001697a 4500 | ||
|---|---|---|---|
| 005 | 20180717151455.0 | ||
| 008 | 160621b xxu||||| |||| 00| 0 eng d | ||
| 020 | _a978-817194-556-6 | ||
| 041 | _aeng | ||
| 082 |
_b8699 _a658.11 |
||
| 100 |
_aGhose, T.P _92376 |
||
| 245 | _aFinancial Accounting for Manager | ||
| 260 | _bTasemann's | ||
| 300 | _a367p, | ||
| 650 |
_aManagement _9241 |
||
| 942 | _cBK | ||
| 999 |
_c3360 _d3359 |
||